<?xml version="1.0" encoding="UTF-8"?>
<record
    xmlns:xsi="http://www.w3.org/2001/XMLSchema-instance"
    xsi:schemaLocation="http://www.loc.gov/MARC21/slim http://www.loc.gov/standards/marcxml/schema/MARC21slim.xsd"
    xmlns="http://www.loc.gov/MARC21/slim">

  <leader>01405nam a2200229   4500</leader>
  <controlfield tag="001">ESSALUD</controlfield>
  <controlfield tag="007">ta</controlfield>
  <controlfield tag="008">      t2026    pe ||||| |||| 00| 0 spa d</controlfield>
  <datafield tag="040" ind1=" " ind2=" ">
    <subfield code="a">BMG</subfield>
  </datafield>
  <datafield tag="041" ind1=" " ind2=" ">
    <subfield code="a">spa</subfield>
  </datafield>
  <datafield tag="100" ind1=" " ind2=" ">
    <subfield code="a">Solari Yokota, Jorge Luis</subfield>
    <subfield code="e">autor</subfield>
    <subfield code="9">52709</subfield>
  </datafield>
  <datafield tag="245" ind1=" " ind2=" ">
    <subfield code="a">Desaf&#xED;os del Hospital Nacional Edgardo Rebagliati Mart&#xED;ns hacia el 2050</subfield>
  </datafield>
  <datafield tag="246" ind1=" " ind2=" ">
    <subfield code="a">Carta al Editor</subfield>
  </datafield>
  <datafield tag="300" ind1=" " ind2=" ">
    <subfield code="a">p&#xE1;ginas 66-67</subfield>
  </datafield>
  <datafield tag="520" ind1=" " ind2=" ">
    <subfield code="a">El Hospital Nacional Edgardo Rebagliati Mart&#xED;ns (HNERM), desde su creaci&#xF3;n en 1958, ha sido una instituci&#xF3;n emblem&#xE1;tica de la seguridad social peruana. En la actualidad m&#xE1;s que un hospital de alta complejidad, su situaci&#xF3;n est&#xE1; reflejando, y en muchos casos anticipando, las tensiones estructurales del sistema sanitario nacional. La sobre congesti&#xF3;n y sobre saturaci&#xF3;n que hoy ocurre en sus salas y unidades cr&#xED;ticas no solo es la expresi&#xF3;n de la demanda actual, sino un indicio temprano de los retos y desaf&#xED;os que el pa&#xED;s enfrentar&#xE1; en las pr&#xF3;ximas d&#xE9;cadas, en consonancia con la planificaci&#xF3;n sanitaria nacional al 2030 y la visi&#xF3;n prospectiva al 2050.</subfield>
  </datafield>
  <datafield tag="650" ind1=" " ind2=" ">
    <subfield code="a">HOSPITALES</subfield>
  </datafield>
  <datafield tag="650" ind1=" " ind2=" ">
    <subfield code="a">SEGURIDAD SOCIAL</subfield>
    <subfield code="9">2070</subfield>
  </datafield>
  <datafield tag="650" ind1=" " ind2=" ">
    <subfield code="a">PER&#xDA;</subfield>
    <subfield code="9">13</subfield>
  </datafield>
  <datafield tag="653" ind1=" " ind2=" ">
    <subfield code="a">HOSPITAL NACIONAL EDGARDO REBAGLIATI MART&#xCD;NS</subfield>
  </datafield>
  <datafield tag="773" ind1="0" ind2=" ">
    <subfield code="0">22497</subfield>
    <subfield code="9">22595</subfield>
    <subfield code="d">Lima :  IETSI</subfield>
    <subfield code="o">CITES01</subfield>
    <subfield code="t">Ciencia y Tecnolog&#xED;a aplicada a la Salud P&#xFA;blica</subfield>
    <subfield code="w">ESSALUD</subfield>
    <subfield code="x">3119-7981</subfield>
  </datafield>
  <datafield tag="942" ind1=" " ind2=" ">
    <subfield code="c">ARTICULOS</subfield>
    <subfield code="e">2026-06-11</subfield>
    <subfield code="z">AFC</subfield>
  </datafield>
  <datafield tag="999" ind1=" " ind2=" ">
    <subfield code="c">22525</subfield>
    <subfield code="d">22525</subfield>
  </datafield>
</record>
